000 01026nam a22003257a 4500
003 CHAP
005 20220329143719.0
008 110329s1988 us r 00010 eng d
010 _a100770
011 _a101742
020 _a087983532X
035 _a112430
040 _cCHAP
082 0 4 _a615.321
_bM87 1988
100 1 _aMowrey, Daniel B.
_979184
245 1 0 _aGuaranteed potency herbs :
_bnext generatin herbal medicine
_c/por Daniel B. Mowrey
250 _a2 ed.
260 _aNew Canaan, Connecticut :
_bKeats,
_c1988
300 _a157 p.
590 _aBATCH-UPD
_b10
_c20130110
_lUCH01
_h1137
590 _aBATCH-UPD
_b10
_c20130410
_lUCH01
_h0724
590 _aBATCH-UPD
_b10
_c20130914
_lUCH01
_h0743
590 _aCONVERSION
_b10
_c20130109
_lUCH01
_h1356
650 1 4 _aBotánica médica.
_914680
650 1 4 _aMedicina alternativa.
_973914
650 1 4 _aTerapéutica fisiológica.
_9112346
901 _aBK
942 _cLIBRO
949 _a615.321 M87
_bBC
_cLIBRO
_d33724002236595
_eLIBRO
_f1988
_h114485
_i112430
_sb
999 _c100770
_d100770